Пьесы и сценарии; Верность; Рождены в Ленинграде; Лениградская симфония; Первороссияне; Дневные звезды

Detalhes bibliográficos
Autor principal: Берггольц О. Ф. Ольга Федоровна
Idioma:russo
Publicado em: Ленинград, Искусство, 1988
TOC:Верность; Рождены в Ленинграде; Лениградская симфония; Первороссияне; Дневные звезды;
Assuntos:
Formato: Livro
KOHA link:https://koha.lib.tpu.ru/cgi-bin/koha/opac-detail.pl?biblionumber=371088

MARC

LEADER 00000nam0a2200000 4500
001 371088
005 20231102012338.0
010 |a 5210000672 
035 |a (RuTPU)RU\TPU\retro\28497 
090 |a 371088 
100 |a 20220914d1988 m y0rusy50 ca 
101 0 |a rus 
102 |a RU 
105 |a ac z 000by 
200 1 |a Пьесы и сценарии  |f О. Ф. Берггольц 
210 |a Ленинград  |c Искусство  |d 1988 
215 |a 367 с.  |c ил. 
320 |a Вступительная статья: с. 3-5 
464 |t Верность; Рождены в Ленинграде; Лениградская симфония; Первороссияне; Дневные звезды 
600 1 |a Берггольц  |b О. Ф.  |f 1910-1975  |g Ольга Федоровна  |c русская писательница  |2 stltpush  |3 (RuTPU)RU\TPU\pers\7206 
606 1 |a Русская литература современная  |2 stltpush  |3 (RuTPU)RU\TPU\subj\26373  |9 50316 
610 1 |a художественная литература 
610 1 |a советская литература 
610 1 |a драматургия 
610 1 |a пьесы 
610 1 |a сценарии 
610 1 |a Ленинградская блокада 
610 1 |a ленинградцы 
675 |a Р2  |v 4 
700 1 |a Берггольц  |b О. Ф.  |c русская писательница  |f 1910-1975  |g Ольга Федоровна  |2 stltpush  |3 (RuTPU)RU\TPU\pers\7206  |4 070  |9 1351 
801 1 |a RU  |b 63413507  |c 20220914 
801 2 |a RU  |b 63413507  |c 20230214  |g RCR 
942 |c BK